TF2 weapons - Statistics

General Stats
  • This quiz has been taken 241 times
  • The average score is 13 of 20
Answer Stats
Hint Answer % Correct
Sit in 2Fort and spam voicelines at someone while invisible Cloak and Dagger
87%
SPAH SAPPIN MAH SENTRI Sapper
85%
Heal your medic with this one while being healed Sandvich
84%
Hate spies? Jarate them from 1 mile away! Sydney sleeper
83%
Haha shovel go brrrrrrrrrrrr Market Garden
81%
Nerfed to the ground, slows people Sandman
79%
Headshots when snipers can't be stabbed Ambassador
78%
Double donk Loose cannon
75%
Uno reversed a spy with fire Backburner
74%
Do it wrong, and run into a wall in the air Rocket jumper
71%
Haha crits go brrrrr- oh I'm marked. Crit a Cola
67%
Spinning tauntkill Gunslinger
64%
Turn into victim Eternal Reward
62%
Haha I am invincible- oh there's a lvl 3 sentry. Bonk Atomic Punch
60%
Ranged Flava - Secondary Edition Flying Guillotine
56%
Haha buildings go kaboom Loch N load
53%
Fast splash Direct Hit
47%
Legit the entire life of some tf2 clip compilation Conniver's Kunai
45%
Ranged Flava - Melee edition Wrap Assassin
44%
Also nerfed except it's useful Deadringer
36%
No matching quizzes found
Score Distribution
Percent of People with Each Score
Percentile by Number Answered
Your Score History
You have not taken this quiz